Effects of Hydro Priming duration on Emergence and Early Growth of Cashew nut (Record no. 2302)

MARC details
000 -LEADER
fixed length control field 00364nam a22001217a 4500
005 - DATE AND TIME OF LATEST TRANSACTION
control field 20250924085752.0
008 - FIXED-LENGTH DATA ELEMENTS--GENERAL INFORMATION
fixed length control field 250924b |||||||| |||| 00| 0 eng d
040 ## - CATALOGING SOURCE
Original cataloging agency KMU
Transcribing agency KMU
100 ## - MAIN ENTRY--PERSONAL NAME
Personal name Mutanekelwa, Wina
Relator term Agroforestry
245 ## - TITLE STATEMENT
Title Effects of Hydro Priming duration on Emergence and Early Growth of Cashew nut
260 ## - PUBLICATION, DISTRIBUTION, ETC.
Place of publication, distribution, etc. Chinsali;
Name of publisher, distributor, etc. KMU,
Date of publication, distribution, etc. 2018.
942 ## - ADDED ENTRY ELEMENTS (KOHA)
Koha item type Student Project Report
Suppress in OPAC No
Holdings
Withdrawn status Lost status Source of classification or shelving scheme Damaged status Not for loan Collection Home library Current library Shelving location Date acquired Total Checkouts Date last seen Price effective from Koha item type
    Dewey Decimal Classification     Reference Kapasa Makasa University Kapasa Makasa University Reference 24.09.2025   24.09.2025 24.09.2025 Student Project Report